Das mitbestimmungsproblem in der deutschen sozialforschung

Tallennettuna:
Bibliografiset tiedot
Päätekijä: Dahrendorf, Ralf
Aineistotyyppi: Kirja
Kieli:Undetermined
Julkaistu: Munchen R. Piper & Co Verlag 1965
Aiheet:
Tagit: Lisää tagi
Ei tageja, Lisää ensimmäinen tagi!
Thư viện lưu trữ: Trung tâm Học liệu Trường Đại học Cần Thơ
LEADER 00539nam a2200193Ia 4500
001 CTU_79266
008 210402s9999 xx 000 0 und d
082 |a 658.3 
082 |b D131 
100 |a Dahrendorf, Ralf 
245 0 |a Das mitbestimmungsproblem in der deutschen sozialforschung 
245 0 |c Ralf Dahrendorf 
260 |a Munchen 
260 |b R. Piper & Co Verlag 
260 |c 1965 
650 |a Management 
650 |x Employee participation 
650 |z Germany 
980 |a Trung tâm Học liệu Trường Đại học Cần Thơ